Handbook of statistics on state government finances (Record no. 490570)

000 -LEADER
fixed length control field 00410cam a22001217a 4500
008 - FIXED-LENGTH DATA ELEMENTS--GENERAL INFORMATION
fixed length control field 180718b-- xxu||||| |||| 00| 0 eng d
082 ## - DEWEY DECIMAL CLASSIFICATION NUMBER
Classification number T19065x54 RB/S
245 ## - TITLE STATEMENT
Title Handbook of statistics on state government finances
Statement of responsibility, etc. by Reserve Bank of India
260 ## - PUBLICATION, DISTRIBUTION, ETC.
Place of publication, distribution, etc. Mumbai
Name of publisher, distributor, etc. Reserve Bank of India
Date of publication, distribution, etc. --
500 ## - GENERAL NOTE
General note Library has 2004
650 ## - SUBJECT ADDED ENTRY--TOPICAL TERM
Topical term or geographic name entry element India - Economic conditions - Statistics
700 ## - ADDED ENTRY--PERSONAL NAME
Personal name Reserve Bank of India
Holdings
Withdrawn status Lost status Damaged status Not for loan Permanent Location Current Location Date acquired Full call number Barcode Date last seen Price effective from Koha item type
        Indian Institute of Public Administration Indian Institute of Public Administration 2018-08-04 T19065x54 RB/S GG27000 2018-08-04 2018-08-04 GG
        Indian Institute of Public Administration Indian Institute of Public Administration 2018-08-04 T19065x54 RB/S GG26999 2018-08-04 2018-08-04 GG

Powered by Koha